000 00355nam a2200133Ia 4500
008 240624s9999 xx 000 0 und d
041 _aeng
082 _a330 ROY
100 _aROY JOYASHREE
245 _aDEVELOPMENT CHALLENGES SOME CONTEMPORARY
260 _c2006
_aNew Delhi
_bAllied Publishers
300 _axvii, : 315 : p. : cm. ; 22
365 _cRS
_b30
999 _c4370
_d4370